មរណមាតា : (Record no. 6625)
[ view plain ]
| 000 -LEADER | |
|---|---|
| fixed length control field | 02331nam a22002297a 4500 |
| 001 - CONTROL NUMBER | |
| control field | 6625 |
| 003 - CONTROL NUMBER IDENTIFIER | |
| control field | FISKH |
| 005 - DATE AND TIME OF LATEST TRANSACTION | |
| control field | 20250519100447.0 |
| 008 - FIXED-LENGTH DATA ELEMENTS--GENERAL INFORMATION | |
| fixed length control field | 250516b cb ||||| |||| 00| 0 eng d |
| 040 ## - CATALOGING SOURCE | |
| Original cataloging agency | FISKH |
| Language of cataloging | khr |
| Transcribing agency | FISKH |
| Modifying agency | FISKH |
| 082 ## - DEWEY DECIMAL CLASSIFICATION NUMBER | |
| Classification number | 895.932202 |
| 100 ## - MAIN ENTRY--PERSONAL NAME | |
| Personal name | Uk |
| 245 ## - TITLE STATEMENT | |
| Title | មរណមាតា : |
| Remainder of title | អត្ថបទរឿងអមដោយរូបភាព / |
| Statement of responsibility, etc. | និពន្ធដោយភិក្ខុ អ៊ុក |
| 260 ## - PUBLICATION, DISTRIBUTION, ETC. | |
| Place of publication, distribution, etc. | ភ្នំពេញ : |
| Name of publisher, distributor, etc. | លាងគីំម , |
| Date of publication, distribution, etc. | ២០១៥. |
| 300 ## - PHYSICAL DESCRIPTION | |
| Extent | 59 pages : |
| Other physical details | illustrations ; |
| Dimensions | 21 cm . |
| 520 ## - SUMMARY, ETC. | |
| Summary, etc. | រឿង "មរណមាតា" និយាយអំពីព្រះរាជាអង្គមួយឈ្មោះ វិមលធម្មរាជ ដែលមានប្រពន្ធឈ្មោះ កែវកេសី និងកូនស្រីឈ្មោះ កុលកេសី។ កាលពីមួយពេល មានបុរសម្នាក់ឈ្មោះ កុដុម្ពីក៍ ដែលស្រឡាញ់កូនស្រីរបស់ព្រះរាជា។ ពួកគេបានបាត់បង់ទៅជនបទមួយ និងត្រូវបានចាប់ខ្លួនដោយចោរ។ កាលពីពេលនោះ កុដុម្ពីក៍ និងកុលកេសីបានស្នាក់នៅជាមួយមេស្រុក ដែលបានទទួលពួកគេជាឪពុកធម៌។ ពួកគេបានបង្កើតគ្រួសារថ្មី និងក្លាយជាអ្នកមានទ្រព្យសម្បត្តិ។ |
| 520 ## - SUMMARY, ETC. | |
| Summary, etc. | The story "Moronak Meada" tells of a king named Vimaladhammaraja, who had a wife named Kaew Kessy and a daughter named Kol Kessy. At one point, a man named Kodompik fell in love with the king’s daughter. They ended up lost in a remote area and were captured by bandits. During that time, Kodompik and Kol Kessy took refuge with a village chief, who accepted them as his adopted children. They went on to build a new family and eventually became wealthy. |
| 650 ## - SUBJECT ADDED ENTRY--TOPICAL TERM | |
| Topical term or geographic name entry element | មរណមាតា |
| Form subdivision | រឿងព្រេងនិទានខ្មែរ |
| 650 ## - SUBJECT ADDED ENTRY--TOPICAL TERM | |
| Topical term or geographic name entry element | Moronak Meada |
| Form subdivision | Khmer Folktale |
| 942 ## - ADDED ENTRY ELEMENTS (KOHA) | |
| Source of classification or shelving scheme | Dewey Decimal Classification |
| Koha item type | Khmer Books |
| Suppress in OPAC | No |
| Withdrawn status | Lost status | Source of classification or shelving scheme | Damaged status | Not for loan | Collection | Home library | Current library | Shelving location | Date acquired | Total Checkouts | Full call number | Barcode | Date last seen | Copy number | Price effective from | Koha item type |
|---|---|---|---|---|---|---|---|---|---|---|---|---|---|---|---|---|
| Dewey Decimal Classification | Khmer Language Books / សៀវភៅភាសាខ្មែរ | Footprints International School Library Network Toul Tom Poung Campus | Footprints International School Library Network Toul Kork Campus | TTP Secondary Khmer Bookshelves | 05/16/2025 | UK 895.932202 | FISSE01741 | 05/19/2025 | 1 | 05/16/2025 | Khmer Books | |||||
| Dewey Decimal Classification | Khmer Language Books / សៀវភៅភាសាខ្មែរ | Footprints International School Library Network Toul Tom Poung Campus | Footprints International School Library Network Toul Tom Poung Campus | TTP Secondary Khmer Bookshelves | 05/16/2025 | UK 895.932202 | FISSE01742 | 05/16/2025 | 2 | 05/16/2025 | Khmer Books |
